Enzimas fibrolíticas de hongos ligninolíticos y digestibilidad in vitro de FDN de dietas para rumiantes / (Record no. 170132)
[ view plain ]
| 000 -CABECERA | |
|---|---|
| campo de control de longitud fija | 01342nam a2200349Ia 4500 |
| 001 - NÚMERO DE CONTROL | |
| campo de control | Z_6858 |
| 003 - IDENTIFICADOR DEL NÚMERO DE CONTROL | |
| campo de control | CHAP |
| 005 - FECHA Y HORA DE LA ÚLTIMA TRANSACCIÓN | |
| campo de control | 20230627142347.0 |
| 008 - DATOS DE LONGITUD FIJA--INFORMACIÓN GENERAL | |
| campo de control de longitud fija | 220113s2015 xx 000 0 und d |
| 010 ## - NÚMERO DE CONTROL DE LA BIBLIOTECA DEL CONGRESO | |
| Número de control de LC | 170132 |
| 040 ## - FUENTE DE LA CATALOGACIÓN | |
| Centro/agencia transcriptor | CHAP |
| 090 ## - LOCALMENTE ASIGNADO TIPO-LC NÚMERO DE CLASIFICACIÓN (OCLC); NÚMERO DE CLASIFICACIÓN LOCAL (RLIN) | |
| Número de clasificación (OCLC) (R) ; Numero de clasificación, CALL (RLIN) (NR) | Tesis T57 2499 |
| 100 ## - ENTRADA PRINCIPAL--NOMBRE DE PERSONA | |
| Nombre de persona | Tirado González, Deli Nazmín |
| 9 (RLIN) | 129522 |
| 245 ## - MENCIÓN DE TÍTULO | |
| Título | Enzimas fibrolíticas de hongos ligninolíticos y digestibilidad in vitro de FDN de dietas para rumiantes / |
| Mención de responsabilidad, etc. | Deli Nazmín Tirado González |
| 260 ## - PUBLICACIÓN, DISTRIBUCIÓN, ETC. | |
| Lugar de publicación, distribución, etc. | México : |
| Nombre del editor, distribuidor, etc. | El autor, |
| Fecha de publicación, distribución, etc. | 2015 |
| 300 ## - DESCRIPCIÓN FÍSICA | |
| Extensión | 158 p. |
| 502 ## - NOTA DE TESIS | |
| Nota de tesis | Tesis (Doctor en Ciencias en Innovación Ganadera) -- UACH, 2015 \ Dirección: Luis Alberto Miranda Romero; asesoría: Pedro Arturo Martínez Hernández y Juan Jáuregui Rincón |
| 650 ## - PUNTO DE ACCESO ADICIONAL DE MATERIA--TÉRMINO DE MATERIA | |
| Término de materia o nombre geográfico como elemento de entrada | Comportamiento productivo de rumiantes |
| 9 (RLIN) | 146159 |
| 650 ## - PUNTO DE ACCESO ADICIONAL DE MATERIA--TÉRMINO DE MATERIA | |
| Término de materia o nombre geográfico como elemento de entrada | Enzimas fibrolíticas |
| 9 (RLIN) | 143188 |
| 650 ## - PUNTO DE ACCESO ADICIONAL DE MATERIA--TÉRMINO DE MATERIA | |
| Término de materia o nombre geográfico como elemento de entrada | Híbridos de maíz |
| 9 (RLIN) | 146160 |
| 650 ## - PUNTO DE ACCESO ADICIONAL DE MATERIA--TÉRMINO DE MATERIA | |
| Término de materia o nombre geográfico como elemento de entrada | Hongos de pudrición blanca |
| 9 (RLIN) | 146161 |
| 650 ## - PUNTO DE ACCESO ADICIONAL DE MATERIA--TÉRMINO DE MATERIA | |
| Término de materia o nombre geográfico como elemento de entrada | Meta |
| Subdivisión general | análisis |
| 9 (RLIN) | 146162 |
| 700 ## - PUNTO DE ACCESO ADICIONAL--NOMBRE DE PERSONA | |
| Nombre de persona | Jáuregui Rincón, Juan, asesor |
| 9 (RLIN) | 146163 |
| 700 ## - PUNTO DE ACCESO ADICIONAL--NOMBRE DE PERSONA | |
| Nombre de persona | Martínez Hernández, Pedro Arturo, asesor |
| 9 (RLIN) | 137925 |
| 700 ## - PUNTO DE ACCESO ADICIONAL--NOMBRE DE PERSONA | |
| Nombre de persona | Miranda Ropmero, Luis Alberto, director |
| 9 (RLIN) | 146164 |
| 856 42 - LOCALIZACIÓN Y ACCESO ELECTRÓNICOS | |
| Identificador Uniforme del Recurso | <a href="http://10.13.5.2/tesis/sist111618.pdf">http://10.13.5.2/tesis/sist111618.pdf</a> |
| Texto de enlace | Descargar PDF |
| 901 ## - ELEMENTOS DE DATOS A LOCAL LDA (RLIN) | |
| a | TESIS T57 2499 |
| 902 ## - ELEMENTOS DE DATOS B LOCAL, LDB (RLIN) | |
| a | A |
| 910 ## - DATOS DE OPCIÓN DEL USUARIO (OCLC) | |
| Datos de opción del usuario | 2015 |
| 942 ## - ELEMENTOS DE PUNTO DE ACCESO ADICIONAL (KOHA) | |
| Tipo de ítem Koha | Tesis_ |
| Fuente del sistema de clasificación o colocación | Dewey Decimal Classification |
| 942 ## - ELEMENTOS DE PUNTO DE ACCESO ADICIONAL (KOHA) | |
| Tipo de ítem Koha | Tesis_ |
| Fuente del sistema de clasificación o colocación | Dewey Decimal Classification |
| Estado de retiro | Estado de pérdida | Fuente del sistema de clasificación o colocación | Estado dañado | No para préstamo | Código de colección | Localización permanente | Ubicación/localización actual | Fecha de adquisición | Fuente de adquisición | Total de préstamos | Signatura topográfica completa | Código de barras | Fecha visto por última vez | Número de copia | Precio válido a partir de | Tipo de ítem Koha |
|---|---|---|---|---|---|---|---|---|---|---|---|---|---|---|---|---|
| Clasificación Universidad Autónoma de Chapingo | Excluido de préstamo | Tesis digitales de Doctorado | Zootecnia | Zootecnia | 15/03/2017 | El autor | Tesis T57 2499 | z_T 4638 | 18/01/2022 | 1 | 18/01/2022 | CD | ||||
| Clasificación Universidad Autónoma de Chapingo | Excluido de préstamo | Tesis digitales de Doctorado | Zootecnia | Zootecnia | 15/03/2017 | El autor | Tesis T57 2499 | z_T 4639 | 18/01/2022 | 2 | 18/01/2022 | CD |
